Razonamientos en la sentencia judicial

Saved in:
Bibliografiske detaljer
Hovedforfatter: Hernández Marín, Rafael (Author)
Format: Bog
Sprog:spansk
Udgivet: Madrid Marcial Pons 2013
Udgivelse:1a. ed
Serier:Filosofía y Derecho
Fag:
Tags: Tilføj Tag
Ingen Tags, Vær først til at tagge denne postø!

MARC

LEADER 00000cam a2200000 a 4500
001 UCE2050
003 CL-VaPUC
008 140605e20130000sp |||||||||||||||||spa|d
020 |a 9788415664970 
082 0 4 |a 340.1  |b HER  |2 21 
100 |a Hernández Marín, Rafael  |e author  |9 574527 
245 1 0 |a Razonamientos en la sentencia judicial 
250 |a 1a. ed 
300 |a 284 p 
942 |c BK 
945 |d 20140605 14:22:00  |a dcastane 
260 |a Madrid  |b Marcial Pons  |c 2013 
650 0 |a Filosofía del derecho   |9 255050 
650 0 |a Teoría del derecho  |9 255982 
650 7 |a INTERPRETACION DEL DERECHO  |2 CL-VaPUC  |9 574528 
650 7 |a SENTENCIA  |2 CL-VaPUC  |9 381937 
583 |a last modification  |c 20140605 14:22:00  |k Rodrigo Vera 
490 0 |a Filosofía y Derecho 
999 |c 355729  |d 355727 
952 |0 0  |1 0  |3 erb  |4 0  |6 340_100000000000000_HER_2013  |7 0  |8 A  |9 462562  |a BIBDER  |b BIBDER  |i 508217K  |o 340.1 HER 2013  |p 508217K  |r 2023-01-25  |w 2019-11-23  |y BK  |z Catalogado en:20140605  |k DER